000 00903nam a22002777a 4500
001 7579
003 FISKH
005 20250724142023.0
008 250724b cb ||||| |||| 00| 0 eng d
020 _a0590475320
040 _aFISKH
_beng
_cFISKH
_dFISKH
050 _a QL858
082 _a 596.0132
100 _aLauber, Patricia
_d(1924–2010)
245 _aWhat big teeth you have! /
_cBy Patricia Lauber ; Illustrated by Martha Weston ; Cover illustration by Andrea Z.Tachiera
250 _aThis edition first published in 1993
260 _aNew York :
_bScholastic,
_c1986
300 _a60 pages :
_billustrations ;
_c23 cm
505 _aN
520 _aExplains how teeth are clues to what animals eat and how they get their food.
521 8 _a590
_bLexile
650 _2Animals - General
_aTeeth
700 _aWeston, Martha
_dillustrator
942 _2ddc
_cBK
_n0
999 _c7579
_d7579